书目信息 |
| 题名: |
双曲拱桥危桥评价与加固技术
|
|
| 作者: | 潘华 , 薛幸伟 , 曹爱华 主编 | |
| 分册: | ||
| 出版信息: | 郑州 黄河水利出版社 2019.02 |
|
| 页数: | 48页 | |
| 开本: | 26cm | |
| 丛书名: | ||
| 单 册: | ||
| 中图分类: | U448.225.7 | |
| 科图分类: | ||
| 主题词: | 双曲拱桥--shuang qu gong qiao--加固 | |
| 电子资源: | ||
| ISBN: | 978-7-5509-2275-4 | |
| 000 | 01171nam0 2200265 450 | |
| 001 | 202019133929 | |
| 005 | 20191002113833.0 | |
| 010 | @a978-7-5509-2275-4@dCNY20.00 | |
| 100 | @a20190928d2019 em y0chiy50 ea | |
| 101 | 0 | @achi |
| 102 | @aCN@b410000 | |
| 105 | @aak a 000yy | |
| 106 | @ar | |
| 200 | 1 | @a双曲拱桥危桥评价与加固技术@Ashuang qu gong qiao wei qiao ping jia yu jia gu ji shu@f潘华, 薛幸伟, 曹爱华主编 |
| 210 | @a郑州@c黄河水利出版社@d2019.02 | |
| 215 | @a48页@c图@d26cm | |
| 320 | @a有书目 (第48页) | |
| 330 | @a本书结合作者多年的科研工作和工程经验, 对双曲拱桥危桥加固技术进行了深入的探讨。介绍了双曲拱桥研究现状及分类指南、双曲拱桥调查依据和调查方法、双曲拱桥危桥技术评价方法 ; 并结合桥梁工程实例介绍了双曲拱桥危桥资料调查收集和技术分析、双曲拱桥危桥加固建议及对策研究 ; 最后介绍了双曲拱桥危桥加固技术及实施方案、双曲拱桥危桥加固效果检测评价、双曲拱桥工艺保护和动态跟踪监测。 | |
| 606 | 0 | @a双曲拱桥@Ashuang qu gong qiao@x加固 |
| 690 | @aU448.225.7@v5 | |
| 701 | 0 | @a潘华@Apan hua@4主编 |
| 701 | 0 | @a薛幸伟@Axue xing wei@4主编 |
| 701 | 0 | @a曹爱华@Acao ai hua@4主编 |
| 801 | 0 | @aCN@c20190905 |
| 905 | @a河南城建学院图书馆@dU448.225.7@eP130 | |
| 双曲拱桥危桥评价与加固技术/潘华, 薛幸伟, 曹爱华主编.-郑州:黄河水利出版社,2019.02 |
| 48页:图;26cm |
| ISBN 978-7-5509-2275-4:CNY20.00 |
| 本书结合作者多年的科研工作和工程经验, 对双曲拱桥危桥加固技术进行了深入的探讨。介绍了双曲拱桥研究现状及分类指南、双曲拱桥调查依据和调查方法、双曲拱桥危桥技术评价方法 ; 并结合桥梁工程实例介绍了双曲拱桥危桥资料调查收集和技术分析、双曲拱桥危桥加固建议及对策研究 ; 最后介绍了双曲拱桥危桥加固技术及实施方案、双曲拱桥危桥加固效果检测评价、双曲拱桥工艺保护和动态跟踪监测。 |
| ● |
| 相关链接 |
|
|
|
正题名:双曲拱桥危桥评价与加固技术
索取号:U448.225.7/P130
 
预约/预借
| 序号 | 登录号 | 条形码 | 馆藏地/架位号 | 状态 | 备注 |
| 1 | 1441519 | 214415195 | 自科库501/501自科库 55排2列5层/ [索取号:U448.225.7/P130] | 在馆 | |
| 2 | 1441520 | 214415202 | 自科库501/501自科库 55排2列5层/ [索取号:U448.225.7/P130] | 在馆 |